000 00604nam a2200205Ia 4500
003 GCL
008 140319s9999 xx 000 0 ara d
040 _aGCL /
_cGCL
082 0 4 _a341.44
_bا ق
100 1 _aاحمد حسنى
245 1 0 _aقضاء النقض البحرى /
_cاحمد حسنى
260 _a[S.N] :
_bمكتبه النهضه المصريه ،
_c1980
300 _a166 ص
490 _aالكتب القانونية
_v0
650 0 4 _aالقانون
650 0 4 _aالقانون البحرى
650 0 4 _aالشحن
650 0 4 _aالسفن التجارية
942 _2ddc
_cBK
999 _c53931
_d53931